00623nam a2200217Ia 4500003000900000008004100009040001300050040001300063041000800076100002000084245003500104250000900139260002100148260000900169300000800178490000900186490000700195942000700202999001300209952018300222IT-RoPAU120407s9999 xx 000 0 und d aIT-RoPAU cIT-RoPAU aita aHenri Queffelec aLa tecnica è contro la fede? aRoma aEdizioni Paoline c1965 c cm aEcuo v93 cBK c231d231 00102ddc406208_21930000000000071aPAULUSbPAULUSd2012-04-11l0o208.2193r2012-04-11 00:00:00w2012-04-11yBKzInserito da: In data: n.d. fondo: Via A.Severo 56 Progr:22047